Premchand: (Record no. 194562)
[ view plain ]
| 000 -LEADER | |
|---|---|
| fixed length control field | 00773nam a22001937a 4500 |
| 005 - DATE AND TIME OF LATEST TRANSACTION | |
| control field | 20230509151129.0 |
| 010 ## - LCCN (DPL NO) | |
| LC control number | B-747512-517 E.N.A./7.11.22 |
| 020 ## - INTERNATIONAL STANDARD BOOK NUMBER | |
| International Standard Book Number | 9789383723614 |
| Terms of availability | 495.00 |
| 035 ## - SYSTEM CONTROL NUMBER | |
| System control number | B-747512-517 |
| 037 ## - SOURCE OF ACQUISITION | |
| Source of stock number/acquisition | LG Publication Distr. |
| 082 ## - DEWEY DECIMAL CLASSIFICATION NUMBER | |
| Classification number | S |
| 245 ## - TITLE STATEMENT | |
| Title | Premchand: |
| Remainder of title | God's Share in Stale Rice & Other Stories/ |
| Statement of responsibility, etc | Trans. by T.C. Ghai |
| 260 ## - PUBLICATION, DISTRIBUTION, ETC. (IMPRINT) | |
| Place of publication, distribution, etc | Delhi |
| Name of publisher, distributor, etc | LG Publication Distr. |
| Date of publication, distribution, etc | 2019 |
| 270 ## - ADDRESS | |
| Address | 49, Lane No.14, Pratap Nagar Mayur Vihar Phase I |
| City | Delhi |
| Postal code | 110091 |
| 300 ## - PHYSICAL DESCRIPTION | |
| Extent | 323p. |
| Dimensions | 22cm(pbk) |
| 700 ## - ADDED ENTRY--PERSONAL NAME | |
| Personal name | Ghai, T.C. |
| 942 ## - ADDED ENTRY ELEMENTS (KOHA) | |
| Source of classification or shelving scheme | Dewey Decimal Classification |
| Item type | English Books |
| Call number suffix | PRE |
| Classification part | S |
| Withdrawn status | Lost status | Not for loan | Collection code | Home library | Current library | Date acquired | Source of acquisition | Cost, normal purchase price | Full call number | Barcode | Copy number | Cost, replacement price | Koha item type |
|---|---|---|---|---|---|---|---|---|---|---|---|---|---|
| Fiction | Ashok Vihar | Ashok Vihar | 09/05/2023 | LG Publishers/L-220/30.11.22/175/23.11.22/13.12.22 | 495.00 | S PRE | B-747513 | 1 | 495.00 | English Books | |||
| Fiction | Central Library | Central Library | 09/05/2023 | LG Publishers/L-220/30.11.22/175/23.11.22/13.12.22 | 495.00 | S PRE | B-747512 | 1 | 495.00 | English Books | |||
| Fiction | Janak Puri | Janak Puri | 09/05/2023 | LG Publishers/L-220/30.11.22/175/23.11.22/13.12.22 | 495.00 | S PRE | B-747515 | 1 | 495.00 | English Books | |||
| Fiction | Patel Nagar | Patel Nagar | 09/05/2023 | LG Publishers/L-220/30.11.22/175/23.11.22/13.12.22 | 495.00 | S PRE | B-747514 | 1 | 495.00 | English Books | |||
| Fiction | Shahdara Branch | Shahdara Branch | 09/05/2023 | LG Publishers/L-220/30.11.22/175/23.11.22/13.12.22 | 495.00 | S PRE | B-747516 | 1 | 495.00 | English Books | |||
| Fiction | Yojana Vihar | Yojana Vihar | 09/05/2023 | LG Publishers/L-220/30.11.22/175/23.11.22/13.12.22 | 495.00 | S PRE | B-747517 | 1 | 495.00 | English Books |
